Voľný pohyb osôb v Európskej únii bakalárska práca

Na minha lista:
Detalhes bibliográficos
Autor principal: Kubalová, Martina
Corporate Authors: Ekonomická univerzita v Bratislave. Národohospodárska fakulta, Univerzita Komenského v Bratislave. Právnická fakulta
Outros Autores: Patakyová, Mária
Formato: Livro
Idioma:eslovaco
Publicado em: Bratislava 2019
Tags: Adicionar Tag
Sem tags, seja o primeiro a adicionar uma tag!

MARC

LEADER 00000nbm a2200000 4500
001 0257791
005 20200113143547.4
041 0 |a slo 
044 |a SK 
245 1 0 |a Voľný pohyb osôb v Európskej únii  |b bakalárska práca  |c Martina Kubalová ; školiteľ: Mária Patakyová 
264 1 |a Bratislava  |c 2019 
300 |a 59 s. 
100 1 |a Kubalová, Martina 
700 1 |a Patakyová, Mária 
710 2 |a Ekonomická univerzita v Bratislave. Národohospodárska fakulta 
710 2 |a Univerzita Komenského v Bratislave. Právnická fakulta